Guess the Coaster from the Stats - Statistics

General Stats
  • This quiz has been taken 26 times
  • The average score is 11 of 15
Answer Stats
Park Height Speed Length Answer % Correct
Six Flags Great Adventure 456ft 128mph 3118ft Kingda Ka
95%
Energylandia 252ft 88mph 4757ft Hyperion
91%
Cedar Point 310ft 93mph 6595ft Millennium Force
91%
Seaworld Orlando 149ft 65mph 4177ft Kraken
86%
Busch Gardens Williamsburg 178ft 73mph 3328ft Pantheon
86%
Portaventura 367ft 111mph 2887ft Red Force
86%
Six Flags Magic Mountain 410ft 100mph 1235ft Superman Escape From Krypton
82%
Cedar Point 205ft 72mph 5106ft Magnum Xl 200
77%
Kings Dominion 111ft 54mph 3361 Twisted Timbers
77%
Ferrari World 206ft 74mph 4921ft Flying Aces
73%
Fuji Q Highland 249ft 78mph 3782ft Eejanaika
68%
Thorpe Park 127ft 59mph 2543ft Swarm
68%
Mirabilandia 180ft 64mph 3215ft Ispeed
64%
Six Flags New England 117ft 55mph 2600ft Batman The Dark Knight
50%
Nanchang Sunac Land 242ft 84mph 5105ft Coaster Through the Clouds
41%
No matching quizzes found
Score Distribution
Percent of People with Each Score
Percentile by Number Answered
Your Score History
You have not taken this quiz